Normal view
MARC view
Entry Topical Term
001 - CONTROL NUMBER
- control field: 249286
003 - CONTROL NUMBER IDENTIFIER
- control field: OSt
005 - DATE AND TIME OF LATEST TRANSACTION
- control field: 20251216144210.0
008 - FIXED-LENGTH DATA ELEMENTS
- fixed length control field: 251216|| aca||aabn | a|a d
040 ## - CATALOGING SOURCE
- Original cataloging agency: OSt
- Transcribing agency: OSt
150 ## - HEADING--TOPICAL TERM
- Topical term or geographic name entry element: Web sites with a different
670 ## - SOURCE DATA FOUND
- Source citation: Work cat.: (OSt)183262: Leinecker, Richard C. 249284, Visual j++ bible /, 1997.